[Event "AUT -U16W"]
[Site "Koestendorf"]
[Date "1998.04.04"]
[Round "1.1"]
[White "Kopinits, Anna-Christina"]
[Black "Karner, Silvia"]
[Result "1-0"]
[WhiteElo "1751"]
[BlackElo "1482"]
[PlyCount "63"]
[EventDate "1998.04.04"]
[Source "A. Burger"]
[SourceDate "1998.04.10"]

1. e4 e5 2. Nf3 Nc6 3. Bb5 a6 4. Ba4 Nf6 5. O-O Bc5 6. Re1 b5 7. Bb3 O-O 8. c3
d6 9. h3 h6 10. d4 Bb6 11. a4 Bd7 12. Qd3 Na5 13. Bc2 Qe7 14. Nbd2 Qe6 15. b4
Nb7 16. Bb3 Qe8 17. axb5 Bxb5 18. c4 Bc6 19. Bb2 exd4 20. Nxd4 {} 20... a5 21.
Nf5 Qd8 22. Qg3 Nh5 23. Qg4 Qg5 24. Qxg5 hxg5 25. Ne7+ Kh7 26. Nxc6 axb4 27.
Nxb4 Nc5 28. Red1 Nf4 29. Nd5 Nxd5 30. exd5 Nd3 31. Bc2 Bxf2+ 32. Kf1 1-0

[Event "AUT -U16W"]
[Site "Koestendorf"]
[Date "1998.04.04"]
[Round "1.2"]
[White "Mozelt, Cornelia"]
[Black "Wiedermann, Martina"]
[Result "0-1"]
[WhiteElo "1477"]
[BlackElo "1707"]
[PlyCount "146"]
[EventDate "1998.04.04"]
[Source "A. Burger"]
[SourceDate "1998.04.10"]

1. e4 e6 2. Nf3 d5 3. d3 dxe4 4. dxe4 Qxd1+ 5. Kxd1 Bc5 6. Ke1 Nf6 7. Nc3 Ng4
8. Nb5 Na6 9. Bf4 c6 10. Nd6+ Ke7 11. Nxc8+ Raxc8 12. Bg3 Nb4 13. Bd3 Rhd8 14.
Ke2 Nxd3 15. cxd3 f6 16. h3 Nh6 17. Rac1 Bb6 18. e5 Nf5 19. exf6+ gxf6 20. Bh4
Nxh4 21. Nxh4 Rd5 22. f4 Rcd8 23. Rcd1 Rd4 24. g3 Ra4 25. a3 Bd4 26. Rb1 Rg8
27. g4 Bb6 28. f5 e5 29. Rhe1 h5 30. Ng6+ Kf7 31. gxh5 Rg7 32. Nh8+ Kg8 33. Ng6
Rh7 34. h4 Rxh5 35. Rf1 Rg4 36. Kf3 36... Rd4 {} 37. Rbd1 Rxf5+ 38. Kg2 Rxf1
39. Kxf1 Kg7 40. Ne7 Kf7 41. Nc8 Rf4+ 42. Kg2 Rf2+ 43. Kg3 Rxb2 44. Nd6+ Kg6
45. Rf1 Bd8 46. Kg4 c5 47. h5+ Kh7 48. Ne8 Rb6 49. h6 Kxh6 50. Kf5 Kh7 51. Rg1
a6 52. Rg7+ Kh8 53. Kg6 f5+ 54. Kf7 f4 55. Rg2 Kh7 56. Ng7 Rf6+ 57. Ke8 Rg6 58.
Rxg6 Kxg6 59. Ne6 f3 60. Kxd8 f2 61. Nxc5 f1=Q 62. Nxb7 Qxd3+ 63. Kc8 Qxa3 64.
Kb8 Qe7 65. Nc5 e4 66. Nxe4 Qxe4 67. Ka7 Qb4 68. Ka8 Qb5 69. Ka7 Kf6 70. Ka8
Ke6 71. Ka7 Kd6 72. Ka8 Kc7 73. Ka7 Qb7# 0-1

[Event "AUT -U16W"]
[Site "Koestendorf"]
[Date "1998.04.04"]
[Round "1.3"]
[White "Fabian, Leonie"]
[Black "Dorrek, Veronika"]
[Result "1/2-1/2"]
[WhiteElo "1614"]
[BlackElo "1462"]
[PlyCount "112"]
[EventDate "1998.04.04"]
[Source "A. Burger"]
[SourceDate "1998.04.10"]

1. c4 c6 2. Nc3 d5 3. e3 Nf6 4. Nf3 Bf5 5. cxd5 cxd5 6. a3 Nc6 7. d4 a6 8. b4
e6 9. Bb2 Be7 10. Be2 O-O 11. O-O Re8 12. Rc1 Qc7 13. Nh4 Bg6 14. Nxg6 fxg6 15.
Qd2 Bd6 16. g3 Qd7 17. Bf3 a5 18. b5 Na7 19. a4 Nc8 20. Rfe1 Bb4 21. Qc2 Nb6
22. Rf1 Rac8 23. Qb3 Nc4 24. Nb1 Qd6 25. Bc3 Bxc3 26. Rxc3 Qd7 27. Rfc1 Kh8 28.
Qc2 Kg8 29. Bg2 Rf8 30. e4 Ng4 31. Bf3 Nf6 32. exd5 exd5 33. Bxd5+ Qxd5 34.
Rxc4 Rxc4 35. Qxc4 Qxc4 36. Rxc4 Re8 37. Kg2 Kf7 38. Rc7+ Re7 39. Rxe7+ Kxe7
40. Kf3 Kd6 41. Nc3 b6 42. h3 h6 43. Ke3 Ke6 44. f3 Kd6 45. Ne4+ Kd5 46. Kd3 g5
47. g4 Ke6 48. Nxf6 gxf6 49. Ke4 49... Kd6 {} 50. Kd3 (50. Kf5 $3) 50... Kd5
51. Kc3 Ke6 52. Kc4 Kd6 53. Kc3 Kd5 54. Kd3 Kd6 55. Ke4 Ke6 56. d5+ Kd6 1/2-1/2

[Event "AUT -U16W"]
[Site "Koestendorf"]
[Date "1998.04.04"]
[Round "1.4"]
[White "Hackbarth, Elke"]
[Black "Rohrmanstorfer, Silvia"]
[Result "0-1"]
[WhiteElo "1451"]
[BlackElo "1542"]
[PlyCount "108"]
[EventDate "1998.04.04"]
[Source "A. Burger"]
[SourceDate "1998.04.10"]

1. d4 d5 2. Nf3 e6 3. Bf4 Nf6 4. Nbd2 Nbd7 5. h3 c5 6. e3 c4 7. Be2 Be7 8. O-O
Nf8 9. b3 cxb3 10. axb3 Ng6 11. Bh2 O-O 12. Ne5 Nxe5 13. Bxe5 Bd7 14. Bd3 Bc6
15. Nf3 g6 16. c3 Bd6 17. Bxd6 Qxd6 18. Ne5 Nd7 19. Nxd7 Qxd7 20. Qf3 b6 21.
Qe2 b5 22. c4 dxc4 23. bxc4 b4 24. Ra5 Rab8 25. Rfa1 Rb7 26. Qa2 Ra8 27. e4
Qxd4 28. Qe2 Rd8 29. Bb1 b3 30. Kh2 b2 31. R1a2 31... Qd1 {} 32. Rxb2 Qxe2 33.
Rxe2 Rxb1 34. Rxa7 Rb7 35. Ra6 Rc8 36. f3 Be8 37. f4 Rxc4 38. f5 Rc8 39. fxe6
Bb5 40. Rea2 Bxa6 41. Rxa6 Re7 42. exf7+ Kxf7 43. Ra4 Rce8 44. Kh1 Rxe4 45.
Rxe4 Rxe4 46. Kh2 Kf6 47. Kg3 Kf5 48. Kf3 Ra4 49. Kg3 g5 50. Kh2 Ra2 51. Kh1
Kf4 52. Kh2 h5 53. Kg1 Kg3 54. Kh1 Ra1# 0-1

[Event "AUT -U16W"]
[Site "Koestendorf"]
[Date "1998.04.04"]
[Round "1.5"]
[White "Roscher, Irmgard"]
[Black "Greifensteiner, Petra"]
[Result "1/2-1/2"]
[WhiteElo "1541"]
[BlackElo "1450"]
[PlyCount "54"]
[EventDate "1998.04.04"]
[Source "A. Burger"]
[SourceDate "1998.04.10"]

1. e4 c5 2. Nf3 g6 3. Bc4 Bg7 4. c3 a6 5. a4 Nf6 6. d3 d6 7. Be3 Nc6 8. h3 O-O
9. Nbd2 Na5 10. Ba2 Bd7 11. e5 Ne8 12. exd6 exd6 13. Bg5 Bf6 14. Bxf6 Qxf6 15.
Ne4 Qe7 16. O-O Be6 17. Bxe6 fxe6 18. Re1 Nf6 19. Qe2 e5 20. d4 exd4 21. cxd4
Qxe4 22. Qxe4 Nxe4 23. Rxe4 Rfe8 24. Rf4 Kg7 25. Rc1 Rac8 26. Ng5 h6 27. Ne4
cxd4 1/2-1/2

[Event "AUT -U16W"]
[Site "Koestendorf"]
[Date "1998.04.04"]
[Round "1.6"]
[White "Kessler, Teresa"]
[Black "Ertl, Christine"]
[Result "0-1"]
[WhiteElo "1306"]
[BlackElo "1534"]
[PlyCount "90"]
[EventDate "1998.04.04"]
[Source "A. Burger"]
[SourceDate "1998.04.10"]

1. e4 e6 2. d4 d5 3. e5 c5 4. Nf3 Nc6 5. Be3 cxd4 6. Bxd4 Nxd4 7. Qxd4 Qa5+ 8.
Qd2 Qb6 9. b3 Bc5 10. Bd3 Ne7 11. O-O O-O 12. Nc3 Bd7 13. Ne2 Bb5 14. c4 dxc4
15. bxc4 Ba6 16. Qc2 g6 17. Rab1 Qc7 18. Nc3 Rac8 19. Nb5 Bxb5 20. cxb5 Nd5 21.
Qd2 Rfd8 22. Be4 {} 22... Ne3 23. Qe2 Nxf1 24. Rxf1 Bd4 25. Bd3 Qc3 26. Rd1
Rc5 27. h3 Bxe5 28. a4 Rcd5 29. Nxe5 Rxe5 30. Qf3 Re1+ 31. Rxe1 Qxe1+ 32. Kh2
Qe5+ 33. g3 Qd4 34. Bc2 Qd5 35. Qe2 Qd2 36. Qxd2 Rxd2 37. Be4 Rxf2+ 38. Kg1 Ra2
39. Bxb7 Rxa4 40. Bc6 Ra2 41. Kf1 Kf8 42. Kg1 Ke7 43. h4 Kf6 44. Bg2 Rb2 45.
Bf1 Kf5 0-1

[Event "AUT -U16W"]
[Site "Koestendorf"]
[Date "1998.04.04"]
[Round "1.7"]
[White "Tschida, Verena"]
[Black "Ernst, Monika"]
[Result "1-0"]
[WhiteElo "1522"]
[BlackElo "1234"]
[PlyCount "99"]
[EventDate "1998.04.04"]
[Source "A. Burger"]
[SourceDate "1998.04.10"]

1. e4 e5 2. Nf3 Nc6 3. Nc3 Bc5 4. Bc4 d6 5. Nd5 Be6 6. O-O Qd7 7. d3 O-O-O 8.
Ng5 h6 9. Nxe6 fxe6 10. Ne3 Nf6 11. Ng4 d5 12. Bb5 Bd6 13. Qe2 Kb8 14. b3 Nd4
15. Qd1 Nxb5 16. Bb2 Nd4 17. Bxd4 exd4 18. e5 Nxg4 19. exd6 Nf6 20. dxc7+ Qxc7
21. Re1 Rhe8 22. Rc1 Rc8 23. Qd2 Ng4 24. g3 Qf7 25. h3 Nf6 26. Qf4+ Ka8 27.
Qxd4 Qh5 28. Kg2 e5 29. Qe3 e4 30. d4 Rf8 31. Re2 Nd7 32. c3 Rf3 33. Qd2 Rff8
34. Re3 g5 35. Rf1 Rf3 36. Qe2 Rcf8 37. a3 Rxe3 38. Qxh5 Rxc3 39. Qd1 Rd3 40.
Qg4 Nb8 41. Rc1 Rxd4 42. Rd1 {} 42... e3 43. Rxd4 Rxf2+ 44. Kg1 Rc2 45. Qd1 e2
46. Qe1 Nc6 47. Rd2 Rxd2 48. Qxd2 Nd4 49. Kf2 e1=Q+ 50. Qxe1 1-0

[Event "AUT -U16W"]
[Site "Koestendorf"]
[Date "1998.04.05"]
[Round "2.1"]
[White "Rohrmanstorfer, Silvia"]
[Black "Kopinits, Anna-Christina"]
[Result "1-0"]
[WhiteElo "1542"]
[BlackElo "1751"]
[PlyCount "107"]
[EventDate "1998.04.04"]
[Source "A. Burger"]
[SourceDate "1998.04.10"]

1. e4 e5 2. Nf3 Nc6 3. Bc4 Bc5 4. O-O Nf6 5. d3 h6 6. Nc3 O-O 7. Be3 Bb6 8. h3
d6 9. Ne2 Be6 10. Bb3 d5 11. exd5 Bxd5 12. Ng3 {} 12... Nd4 13. Nxe5 Qe8 14.
Bxd5 Nxd5 15. Nc4 Nxe3 16. Nxe3 c6 17. Re1 Ne6 18. Qg4 Qd8 19. Nef5 Qg5 20.
Qxg5 hxg5 21. Ne4 g6 22. Nfd6 f5 23. Nd2 Nd4 24. Rac1 Rad8 25. N6c4 Bc7 26. Nb3
Bf4 27. Ne3 Nxb3 28. axb3 Rfe8 29. Rcd1 Re6 30. Kf1 Rde8 31. Nc4 b5 32. Rxe6
Rxe6 33. Nd2 Bxd2 34. Rxd2 Kf7 35. Rd1 a6 36. b4 Re7 37. Re1 Rxe1+ 38. Kxe1 Ke6
39. Ke2 Kd5 40. c3 Ke5 41. g3 Ke6 42. f4 g4 43. hxg4 fxg4 44. Ke3 Kd5 45. d4
Kd6 46. Ke4 Ke6 47. b3 Kf6 48. d5 cxd5+ 49. Kxd5 Ke7 50. c4 bxc4 51. bxc4 Kd7
52. Kc5 Kc7 53. b5 axb5 54. cxb5 1-0

[Event "AUT -U16W"]
[Site "Koestendorf"]
[Date "1998.04.05"]
[Round "2.2"]
[White "Wiedermann, Martina"]
[Black "Tschida, Verena"]
[Result "1/2-1/2"]
[WhiteElo "1707"]
[BlackElo "1522"]
[PlyCount "55"]
[EventDate "1998.04.04"]
[Source "A. Burger"]
[SourceDate "1998.04.10"]

1. Nf3 Nc6 2. d4 d5 3. g3 Bf5 4. a3 Nf6 5. Nc3 Ne4 6. Bd2 e6 7. Bg2 Bd6 8. e3
Qf6 9. Nh4 {} 9... Nxf2 10. Kxf2 Bxc2+ 11. Qf3 Be7 12. Nb5 Kd7 13. Rac1 Bd3
14. Bf1 Qxf3+ 15. Nxf3 Be4 16. Bg2 Bd3 17. Bf1 Be4 18. Be2 a6 19. Nc3 Bf5 20.
Nh4 Bxh4 21. gxh4 Ne7 22. Rhg1 g6 23. h5 Ng8 24. Rg3 Nf6 25. hxg6 hxg6 26. Rh1
Rh7 27. Bf3 Rah8 28. Kg1 1/2-1/2

[Event "AUT -U16W"]
[Site "Koestendorf"]
[Date "1998.04.05"]
[Round "2.3"]
[White "Ertl, Christine"]
[Black "Fabian, Leonie"]
[Result "1/2-1/2"]
[WhiteElo "1534"]
[BlackElo "1614"]
[PlyCount "59"]
[EventDate "1998.04.04"]
[Source "A. Burger"]
[SourceDate "1998.04.10"]

1. e4 c5 2. Nf3 Nc6 3. d4 cxd4 4. Nxd4 Nf6 5. Nc3 e6 6. Bg5 Be7 7. Bc4 O-O 8.
O-O a6 9. a3 b5 10. Ba2 Bb7 11. Re1 Nxd4 12. Qxd4 d6 13. Rad1 e5 14. Qd2 h6 15.
Bxf6 Bxf6 16. Qxd6 Rc8 17. Qd7 Qb6 18. Bd5 Rc7 19. Qf5 Bc8 20. Qf3 b4 21. axb4
Qxb4 22. Bb3 Qb7 23. Nd5 Rc6 24. Qg3 Qb8 25. Nxf6+ Rxf6 26. Rd5 Qb4 27. Re2 Bb7
28. Rxe5 Rd8 29. Bd5 Qxb2 30. Kf1 {} 1/2-1/2

[Event "AUT -U16W"]
[Site "Koestendorf"]
[Date "1998.04.05"]
[Round "2.4"]
[White "Dorrek, Veronika"]
[Black "Roscher, Irmgard"]
[Result "1/2-1/2"]
[WhiteElo "1462"]
[BlackElo "1541"]
[PlyCount "89"]
[EventDate "1998.04.04"]
[Source "A. Burger"]
[SourceDate "1998.04.10"]

1. e4 e5 2. Nf3 Nc6 3. Bb5 d6 4. Nc3 Bd7 5. d3 h6 6. O-O Nf6 7. Be3 Be7 8. d4
exd4 9. Nxd4 Ne5 10. Bxd7+ Qxd7 11. f3 Nc4 12. Qc1 d5 13. b3 Nxe3 14. Qxe3 c5
15. Ndb5 d4 16. Qf4 dxc3 17. Nc7+ Kf8 18. Nxa8 Bd6 19. Qe3 Qc8 20. e5 Qe6 21.
Rfe1 Nd5 22. Qe4 f5 23. Qe2 Nf4 24. Qe3 Nd5 25. Qe2 Nf4 26. Qe3 Nd5 27. Qd3
Bxe5 28. Rad1 Bd4+ 29. Kh1 Qf6 30. Qb5 Qf7 31. g3 g5 32. Kg2 Kg7 33. Kh1 g4 34.
fxg4 fxg4 35. Rf1 Nf4 36. Qc4 Qg6 37. Rxd4 cxd4 38. Qxd4+ Kh7 39. Qd7+ Kg8 40.
Re1 40... Kf8 {} 41. Re7 Ne6 42. Nc7 Qe4+ 43. Kg1 Qe1+ 44. Kg2 Qe2+ 45. Kg1
1/2-1/2

[Event "AUT -U16W"]
[Site "Koestendorf"]
[Date "1998.04.05"]
[Round "2.5"]
[White "Greifensteiner, Petra"]
[Black "Mozelt, Cornelia"]
[Result "1/2-1/2"]
[WhiteElo "1450"]
[BlackElo "1477"]
[PlyCount "29"]
[EventDate "1998.04.04"]
[Source "A. Burger"]
[SourceDate "1998.04.10"]

1. d4 d5 2. c4 dxc4 3. e3 Nf6 4. Bxc4 e6 5. Nc3 Nc6 6. a3 b6 7. b4 a5 8. Bb5
Bd7 9. Qf3 Ne7 10. Bxd7+ Nxd7 11. bxa5 Rxa5 12. Rb1 Qa8 13. Qxa8+ Rxa8 14. Nb5
Nd5 15. e4 {  In dieser Stellung wurde die grosse Rochade als unmoeglicher
Zug ausgefuehrt, daher ist die weitere Eingabe der Partie nicht moeglich.}
1/2-1/2

[Event "AUT -U16W"]
[Site "Koestendorf"]
[Date "1998.04.05"]
[Round "2.6"]
[White "Karner, Silvia"]
[Black "Kessler, Teresa"]
[Result "1-0"]
[WhiteElo "1482"]
[BlackElo "1306"]
[PlyCount "125"]
[EventDate "1998.04.04"]
[Source "A. Burger"]
[SourceDate "1998.04.10"]

1. e4 e5 2. Nf3 Nc6 3. d4 d6 4. dxe5 dxe5 5. Qxd8+ Nxd8 6. Nxe5 Nf6 7. f3 Bd6
8. Nd3 Nc6 9. Be3 O-O 10. Nc3 Be6 11. O-O-O Nb4 12. Kb1 a5 13. h4 Be7 14. g4 c6
15. h5 Nd7 16. g5 Nxd3 17. Bxd3 Ne5 18. Be2 b5 19. f4 Nc4 20. Bxc4 Bxc4 21. b3
Be6 22. f5 Bc8 23. f6 gxf6 24. gxf6 Bxf6 25. Rhg1+ Kh8 26. Bh6 Re8 27. Rg3 Be5
28. Rgd3 Bg4 29. Rg1 Bxh5 30. Bg5 b4 31. Na4 Rg8 32. Rd6 Rae8 33. Rh6 Bf3 34.
Nc5 Bd4 35. Rd6 Be5 36. Nd7 Bg7 37. Nf6 Bxe4 38. Nxe8 Rxe8 39. Bf6 Bxf6 40.
Rxf6 Bg6 41. Rxc6 f5 42. Rf6 Re5 43. Kc1 Kg7 44. Rd6 {} 44... h5 45. Rdxg6+
Kf7 46. R6g5 Ke6 47. Rxh5 Kf6 48. Rf1 Kg6 49. Rh4 Kg5 50. Rhf4 Kg6 51. Kd2 Kg5
52. c3 bxc3+ 53. Kxc3 Kf6 54. Kc4 Ke6 55. a3 Kf6 56. b4 axb4 57. axb4 Ke6 58.
Rxf5 Rxf5 59. Rxf5 Kxf5 60. Kc5 Ke6 61. Kc6 Ke7 62. b5 Ke6 63. b6 1-0

[Event "AUT -U16W"]
[Site "Koestendorf"]
[Date "1998.04.05"]
[Round "2.7"]
[White "Ernst, Monika"]
[Black "Hackbarth, Elke"]
[Result "1-0"]
[WhiteElo "1234"]
[BlackElo "1451"]
[PlyCount "47"]
[EventDate "1998.04.04"]
[Source "A. Burger"]
[SourceDate "1998.04.10"]

1. e4 c6 2. d4 d5 3. Nc3 Nf6 4. e5 Ne4 5. Nge2 Nxc3 6. Nxc3 Be6 7. Be3 Nd7 8.
Be2 f6 9. exf6 exf6 10. Bh5+ g6 11. Be2 Be7 12. Qd2 c5 13. Bb5 b6 14. Bc6 Rc8
15. Bxd5 Bxd5 16. Nxd5 cxd4 17. Bxd4 O-O 18. O-O Bc5 19. Bxc5 Nxc5 20. Rfe1
20... Qd6 {} 21. Ne7+ Qxe7 22. Rxe7 Rfd8 23. Qh6 Ne6 24. Qxh7+ 1-0

[Event "AUT -U16W"]
[Site "Koestendorf"]
[Date "1998.04.06"]
[Round "3.1"]
[White "Wiedermann, Martina"]
[Black "Rohrmanstorfer, Silvia"]
[Result "0-1"]
[WhiteElo "1707"]
[BlackElo "1542"]
[PlyCount "80"]
[EventDate "1998.04.04"]
[Source "A. Burger"]
[SourceDate "1998.04.10"]

1. Nf3 c5 2. d4 cxd4 3. Nxd4 d5 4. g3 e6 5. Bg2 g6 6. c3 Nf6 7. Nd2 Nbd7 8.
N2f3 Bg7 9. Bf4 a6 10. O-O O-O 11. Qc1 Re8 12. Bh6 e5 13. Bxg7 Kxg7 14. Nb3 Nb6
15. Na5 Qc7 16. Rd1 e4 17. Nd4 Nbd7 18. Nab3 Ne5 19. Nd2 Neg4 20. Nf1 Qb6 21.
f3 Ne5 22. Ne3 Nc4 23. Nxc4 dxc4 24. Kf1 exf3 25. Bxf3 Bg4 26. b3 cxb3 27. axb3
Bh3+ 28. Kg1 Re7 29. Re1 Rae8 30. Ra2 Bg4 31. Kg2 Bxf3+ 32. Kxf3 32... Qc5 {}
33. b4 Qd5+ 34. Kf2 Qxa2 35. Qd1 Qd5 36. Qd3 Ng4+ 37. Kg1 Qh5 38. Nf3 Qf5 39.
Qd2 Rd7 40. Qb2 Qf6 0-1

[Event "AUT -U16W"]
[Site "Koestendorf"]
[Date "1998.04.06"]
[Round "3.2"]
[White "Tschida, Verena"]
[Black "Ertl, Christine"]
[Result "1-0"]
[WhiteElo "1522"]
[BlackElo "1534"]
[PlyCount "135"]
[EventDate "1998.04.04"]
[Source "A. Burger"]
[SourceDate "1998.04.10"]

1. e4 e6 2. d4 d5 3. Nc3 Bb4 4. e5 c5 5. Bd2 cxd4 6. Nb5 Bc5 7. Nf3 Nc6 8. a3
Qb6 9. b4 Be7 10. Bf4 a5 11. Nfxd4 Nxd4 12. Be3 axb4 13. Qxd4 Qa5 14. Qb6 bxa3+
15. Qxa5 Rxa5 16. Bd2 Ra4 17. Nd6+ {} 17... Bxd6 18. Bb5+ Bd7 19. Bxa4 Bxa4
20. exd6 Kd7 21. Rxa3 Bxc2 22. Rc3 Bg6 23. Rc7+ Kxd6 24. Rxb7 Nf6 25. Ke2 Rc8
26. Rc1 Rxc1 27. Bxc1 Kc6 28. Ra7 Bh5+ 29. Ke1 h6 30. f3 Nd7 31. Bb2 e5 32.
Ra6+ Kc7 33. f4 Nc5 34. Bxe5+ Kb7 35. Ra3 f6 36. Bd4 Ne6 37. Be3 d4 38. f5 dxe3
39. fxe6 e2 40. Rc3 g5 41. e7 f5 42. Re3 Be8 43. Rxe2 Kc7 44. Rd2 Bd7 45. Kf2
h5 46. g3 Kc6 47. Re2 Be8 48. Re5 Kd6 49. Rxf5 g4 50. Ke3 Kxe7 51. Kf4 Bg6 52.
Ra5 Kf8 53. Ra7 h4 54. Kxg4 hxg3 55. hxg3 Bd3 56. Kg5 Kg8 57. Kh6 Be2 58. Kg5
Bf3 59. g4 Be4 60. Kh6 Bd5 61. Rd7 Be6 62. Rd8+ Kf7 63. g5 Ke7 64. Rb8 Bc4 65.
Kg7 Bd5 66. Rf8 Be4 67. Rf7+ Ke8 68. Rf2 1-0

[Event "AUT -U16W"]
[Site "Koestendorf"]
[Date "1998.04.06"]
[Round "3.3"]
[White "Kopinits, Anna-Christina"]
[Black "Dorrek, Veronika"]
[Result "1-0"]
[WhiteElo "1751"]
[BlackElo "1462"]
[PlyCount "69"]
[EventDate "1998.04.04"]
[Source "A. Burger"]
[SourceDate "1998.04.10"]

1. e4 c5 2. Nc3 Nc6 3. g3 g6 4. Bg2 Bg7 5. d3 d6 6. Be3 e6 7. Qd2 Rb8 8. Nge2
Nd4 9. Bxd4 cxd4 10. Nb5 Qb6 11. Qb4 11... a5 {} 12. Nxd6+ Kd7 13. Qxb6 Ne7
14. Nxc8 Nxc8 15. Qxa5 Ne7 16. O-O Nc6 17. Qb6 Rhd8 18. a4 Ke8 19. a5 Rdc8 20.
a6 bxa6 21. Qxa6 Nb4 22. Qa4+ Kf8 23. Rfc1 Nc6 24. Ra2 Kg8 25. c4 Nb4 26. Ra3
Nc6 27. Raa1 Rxb2 28. Nf4 Bh6 29. Rcb1 Rxb1+ 30. Rxb1 Ne5 31. Qa6 Rd8 32. Nxe6
fxe6 33. Qxe6+ Nf7 34. Rb7 Rf8 35. e5 1-0

[Event "AUT -U16W"]
[Site "Koestendorf"]
[Date "1998.04.06"]
[Round "3.4"]
[White "Fabian, Leonie"]
[Black "Greifensteiner, Petra"]
[Result "1/2-1/2"]
[WhiteElo "1614"]
[BlackElo "1450"]
[PlyCount "24"]
[EventDate "1998.04.04"]
[Source "A. Burger"]
[SourceDate "1998.04.10"]

1. c4 c5 2. Nc3 Nc6 3. Nf3 g6 4. e4 Bg7 5. g3 d6 6. Bg2 Bg4 7. O-O Nf6 8. d3
O-O 9. h3 Bd7 10. Be3 e5 11. a3 a5 12. Qd2 Nd4 1/2-1/2

[Event "AUT -U16W"]
[Site "Koestendorf"]
[Date "1998.04.06"]
[Round "3.5"]
[White "Roscher, Irmgard"]
[Black "Karner, Silvia"]
[Result "1/2-1/2"]
[WhiteElo "1541"]
[BlackElo "1482"]
[PlyCount "74"]
[EventDate "1998.04.04"]
[Source "A. Burger"]
[SourceDate "1998.04.10"]

1. e4 e5 2. Nf3 Nc6 3. Bb5 a6 4. Ba4 Nf6 5. O-O Bc5 6. Re1 b5 7. Bb3 d6 8. h3
O-O 9. c3 Bb7 10. d4 Bb6 11. d5 Ne7 12. Nbd2 Ng6 13. Nf1 h6 14. Ng3 Bc8 15. a4
Bd7 16. a5 Ba7 17. Bc2 Nh7 18. b4 Qf6 19. Be3 Nh4 20. Nh5 {} 20... Nxf3+ 21.
Qxf3 Qxf3 22. gxf3 Bxh3 23. Kh2 Bxe3 24. fxe3 Bd7 25. f4 f5 26. Rg1 g5 27. Raf1
fxe4 28. Bxe4 Bf5 29. Bxf5 Rxf5 30. fxg5 Rxf1 31. Rxf1 Nxg5 32. Rf6 Kh7 33. Ng3
Rg8 34. Nf5 Rg6 35. Rxg6 Kxg6 36. Ne7+ Kh7 37. Nc6 Ne4 1/2-1/2

[Event "AUT -U16W"]
[Site "Koestendorf"]
[Date "1998.04.06"]
[Round "3.6"]
[White "Mozelt, Cornelia"]
[Black "Ernst, Monika"]
[Result "1-0"]
[WhiteElo "1477"]
[BlackElo "1234"]
[PlyCount "55"]
[EventDate "1998.04.04"]
[Source "A. Burger"]
[SourceDate "1998.04.10"]

1. e4 e5 2. Nf3 Nc6 3. Nc3 Bb4 4. Bb5 Nge7 5. d3 d6 6. h3 a6 7. Ba4 Be6 8. Bg5
f6 9. Bd2 Bd7 10. a3 Ba5 11. Bb3 Nd4 12. Nd5 Nxf3+ 13. Qxf3 c6 14. Nxe7 Bxd2+
15. Kxd2 Qxe7 16. Qe3 Be6 17. Bxe6 Qxe6 18. c4 O-O 19. b4 Rfc8 20. a4 b5 21.
cxb5 axb5 22. a5 Qb3 23. Rhb1 Qf7 24. a6 Rc7 25. f4 Rca7 26. fxe5 dxe5 27. Qb6
{} 27... Rb8 28. Qxb8+ 1-0

[Event "AUT -U16W"]
[Site "Koestendorf"]
[Date "1998.04.06"]
[Round "3.7"]
[White "Hackbarth, Elke"]
[Black "Kessler, Teresa"]
[Result "0-1"]
[WhiteElo "1451"]
[BlackElo "1306"]
[PlyCount "86"]
[EventDate "1998.04.04"]
[Source "A. Burger"]
[SourceDate "1998.04.10"]

1. d4 d5 2. Nf3 Nc6 3. e3 Nf6 4. Nbd2 Bf5 5. c3 e6 6. Nb3 Be7 7. Bd3 Be4 8. O-O
O-O 9. Bxe4 Nxe4 10. Nbd2 Nf6 11. Qb3 b6 12. c4 Qd7 13. Qb5 a6 14. Qa4 Nb4 15.
Qxd7 Nxd7 16. cxd5 Nxd5 17. Nb3 c5 18. e4 Nb4 19. Be3 Nc2 20. Rad1 Nxe3 21.
fxe3 c4 22. Nbd2 b5 23. d5 Nc5 24. Nb1 {} 24... Nxe4 25. Nc3 Nxc3 26. bxc3 Bc5
27. Rfe1 Rad8 28. Nd4 exd5 29. Nc6 Rde8 30. Kf2 Re6 31. Nd4 Bxd4 32. exd4 Rfe8
33. Rf1 Re2+ 34. Kf3 Rxa2 35. Rfe1 Rxe1 36. Rxe1 g6 37. Re5 Rc2 38. Ke3 Rxc3+
39. Kf4 b4 40. Kg5 Kg7 41. Rxd5 b3 42. Rd6 b2 43. Rb6 Rb3 0-1

[Event "AUT -U16W"]
[Site "Koestendorf"]
[Date "1998.04.07"]
[Round "4.1"]
[White "Rohrmanstorfer, Silvia"]
[Black "Tschida, Verena"]
[Result "1-0"]
[WhiteElo "1542"]
[BlackElo "1522"]
[PlyCount "53"]
[EventDate "1998.04.04"]
[Source "A. Burger"]
[SourceDate "1998.04.10"]

1. e4 e5 2. Nf3 d6 3. Nc3 Nf6 4. d3 h6 5. h3 Be6 6. Be2 Nbd7 7. d4 exd4 8. Nxd4
Be7 9. Nxe6 fxe6 10. Bh5+ Kf8 11. O-O Nxh5 12. Qxh5 Qe8 13. Qg4 Bf6 14. Nb5 Ne5
15. Qe2 Qe7 16. f4 Nf7 17. e5 Bh4 18. Be3 a6 19. Nd4 g6 20. Qg4 20... Re8 {}
21. Qxg6 Rg8 22. Qh5 dxe5 23. fxe5 Bg5 24. Bxg5 hxg5 25. Rf6 Qd7 26. Rd1 Kg7
27. Nf5+ 1-0

[Event "AUT -U16W"]
[Site "Koestendorf"]
[Date "1998.04.07"]
[Round "4.2"]
[White "Roscher, Irmgard"]
[Black "Kopinits, Anna-Christina"]
[Result "0-1"]
[WhiteElo "1541"]
[BlackElo "1751"]
[PlyCount "69"]
[EventDate "1998.04.04"]
[Source "A. Burger"]
[SourceDate "1998.04.10"]

1. e4 d5 2. Nc3 Nf6 3. f3 e5 4. a3 d4 5. Nce2 c5 6. d3 Be6 7. f4 exf4 8. Nxf4
Bd6 9. Nf3 Qc7 10. g3 Bg4 11. Bg2 h5 12. h3 Bxf3 13. Qxf3 h4 14. O-O Nbd7 15.
Nd5 Qb8 16. Bg5 Be7 17. Bxh4 Ne5 18. Qf5 Nxd5 19. exd5 Bxh4 20. gxh4 f6 21.
Rae1 Kd8 22. Re4 Qd6 23. Ref4 Rh6 24. h5 Kc7 25. Rb1 Rah8 26. b4 {} 26... Rxh5
27. bxc5 Qxc5 28. Qe4 b6 29. Qxd4 Qxc2 30. d6+ Kd7 31. Re1 Qxd3 32. Qa4+ Kd8
33. Rd1 Qe3+ 34. Rf2 Rg5 35. Qc2 0-1

[Event "AUT -U16W"]
[Site "Koestendorf"]
[Date "1998.04.07"]
[Round "4.3"]
[White "Greifensteiner, Petra"]
[Black "Wiedermann, Martina"]
[Result "1-0"]
[WhiteElo "1450"]
[BlackElo "1707"]
[PlyCount "71"]
[EventDate "1998.04.04"]
[Source "A. Burger"]
[SourceDate "1998.04.10"]

1. d4 e6 2. c4 d5 3. Nc3 Nf6 4. cxd5 exd5 5. Bg5 Be7 6. e3 O-O 7. Bd3 Be6 8.
Nge2 c6 9. Qc2 Nbd7 10. Nf4 Rc8 11. a3 Re8 12. b4 Nf8 13. O-O Ng4 14. Bxe7 Qxe7
15. Nxe6 fxe6 16. Qe2 Qh4 17. h3 Nf6 18. Qf3 Re7 19. Qe2 Rf7 20. Rab1 g5 21. f3
h5 22. Qf2 Qxf2+ 23. Rxf2 Kg7 24. Na4 b6 25. Rc1 N8d7 26. Rfc2 26... b5 {} 27.
Bxb5 cxb5 28. Rxc8 bxa4 29. R8c6 Re7 30. Rc7 a5 31. bxa5 Re8 32. a6 Kg6 33. Rc8
Re7 34. a7 Nb6 35. a8=Q Nxa8 36. Rxa8 1-0

[Event "AUT -U16W"]
[Site "Koestendorf"]
[Date "1998.04.07"]
[Round "4.4"]
[White "Karner, Silvia"]
[Black "Fabian, Leonie"]
[Result "0-1"]
[WhiteElo "1482"]
[BlackElo "1614"]
[PlyCount "138"]
[EventDate "1998.04.04"]
[Source "A. Burger"]
[SourceDate "1998.04.10"]

1. e4 c5 2. Nf3 Nc6 3. d4 cxd4 4. Nxd4 Nf6 5. Nc3 e6 6. a3 Be7 7. Bc4 O-O 8.
O-O h6 9. Be3 a6 10. Nxc6 dxc6 11. f3 b5 12. Be2 Qc7 13. Qe1 Rd8 14. Qf2 c5 15.
Rfc1 Bb7 16. Kh1 Rac8 17. a4 b4 18. Nd1 Bd6 19. Qh4 Be7 20. Bf4 Qd7 21. Qf2 Qc6
22. b3 Nh5 23. Be5 Bd6 24. Bb2 Qc7 25. Qh4 Nf4 26. Bc4 Kh7 27. Ne3 Ng6 28. Qh3
Bf4 29. Re1 Bd6 30. Rad1 Re8 31. Ng4 Nf4 32. Qh4 Ng6 33. Qh3 e5 34. Bc1 Nf4 35.
Qh4 Be7 36. Qf2 Rf8 37. g3 Ne6 38. Bxe6 fxe6 39. Qe3 Bg5 40. Qf2 Bxc1 41. Rxc1
Rf7 42. c3 h5 43. Ne3 {} 43... Bxe4 44. Kg1 Bxf3 45. Qc2+ e4 46. Rf1 g6 47.
cxb4 cxb4 48. Qd2 Qd8 49. Qxb4 Rxc1 50. Rxc1 Qd3 51. Re1 Rc7 52. Qb6 Qc3 53.
Rf1 Rc5 54. Nc4 Qd4+ 55. Rf2 Rd5 56. Qxe6 Rd7 57. Qc6 Rf7 58. Qe6 Kg7 59. Qe5+
Qxe5 60. Nxe5 Rf8 61. Nxf3 exf3 62. h3 g5 63. g4 h4 64. Kf1 Rf4 65. Ke1 Kf6 66.
Kd2 Ke6 67. Ke3 Rb4 68. Rxf3 Rxb3+ 69. Kd2 Rxf3 0-1